000 00365nam a2200145 i 4500
001 bg
100 1 _aSALĘZAK, F.
245 0 _aBudownictwo żelbetowe i metalowe.
_nCz. 1,
_pBudownictwo żelbetowe /
_cF. Salęzak.
250 _aWyd. 2.
260 _aWarszawa,
_c1976.
040 _cBPK
041 _apol
942 _cKS
008 s pl f |000 0 pol
999 _c5189
_d5189
856 _uhttp://koha.tu.koszalin.pl/cgi-bin/koha/opac-detail.pl?biblionumber=5189
_yKatalog online BPK